00622nam a2200157 i 450000100060000000300090000600500170001500700030003200800410003508000240007610000470010024502000014726000470034765000450039485200250043945139ES-MaACL20251004063104.0t|030325s1911 sp ||||1| spa d a025.45 CDU (083.74)1 aCodorniu y Stárico, Ricardo, d1846-192310aClasificación bibliográfica decimal y extracto de las tablas empleadas en el repertorio bibliográfico universal para uso del personal facultativo de Montes / cRicardo Codorniu y Stárico. aMadrid : b[s.n., c1911] (fImp. Alemana) 7aClasificación decimal universal2embne aES-MaACLjT-1255-F-2